<?xml version="1.0" encoding="UTF-8"?>
<marc:record xmlns:marc="http://www.loc.gov/MARC21/slim">
   <marc:leader>00000nam a2200000 a 4500</marc:leader>
   <marc:datafield ind1="1" ind2=" " tag="100">
      <marc:subfield code="a">Orlev, Uri; Gleich, Jacky</marc:subfield>
      <marc:subfield code="4">aut</marc:subfield>
      <marc:subfield code="e">Verfasser/-in</marc:subfield>
   </marc:datafield>
   <marc:datafield ind1="0" ind2="0" tag="245">
      <marc:subfield code="a">Der Glücksschnuller</marc:subfield>
   </marc:datafield>
   <marc:datafield ind1="1" ind2=" " tag="520">
      <marc:subfield code="a">Jonathans Schnuller ist einzigartig. Und  deshalb gibt es immer ein großes Theater,  wenn sein Schnuller mal wieder verschwunden  ist. Denn dann muss sich die ganze Familie  auf Schnullersuche begeben. Und davon haben  alle langsam die Nase voll. Doch dann kommt  der Onkel zu Besuch: Es ist der Beginn einer  dicken Freundschaft, die so weit geht, dass  Jonathan sogar auf seinen Schnuller  verzichtet.###</marc:subfield>
   </marc:datafield>
   <marc:datafield ind1=" " ind2=" " tag="041">
      <marc:subfield code="a">ger</marc:subfield>
   </marc:datafield>
</marc:record>
